Регионална библиотека "Любен Каравелов" - Русе

Антонин Дворжак (Запис номер 80004)

MARC детайли
000 -Лидер
Контролно поле с фиксирана дължина 01804nam a2200409 c 4500
003 - Код на организацията, давaща контролен номер
Контролно поле BLK
005 - Дата и час на последна редакция
Контролно поле 20240826094035.0
008 - Елементи от данни с фиксирана дължина
fixed length control field 180408b bul|||||r ||||||| ||bul||
010 ## - Наследен системен номер
LC control number KNG00084488000
020 ## - Международен стандартен номер на книга ISBN
Международен стандартен номер на книга ISBN 978-83-60395-23-3
-- издат.: Mediasat Poland Sp.
040 ## - Източник на каталожния запис
Идентификатор на билиотеката - собственик на записа BLK
041 ## - Код за език
Код за езика на текст/звукозапис или на отделно заглавие Български
Код за езика КДБФ Български
080 ## - УДК
Текстов определител УДК Музиканти-творци, композитори
УДК код - определител по УДК 78.071.1
УДК определител (437.1)(092)
УДК - код + определител 78.071.1(437.1)(092)
080 ## - УДК
Текстов определител УДК Чешки композитор
УДК код - определител по УДК 929 Дворжак, Антонин Леополд
УДК определител
УДК - код + определител 929 Дворжак, Антонин Леополд
100 1# - Редна дума - Автор
Автор Вишньос, Йоана
Авторска отговорност първи автор
R(LIN) 48499
139 ## - Редно поле
Редна дума Вишньос, Йоана
Авторски знак Дво - Д 29
245 10 - Сведения за заглавието
Заглавие Антонин Дворжак
Редно поле (дума) Йоана Вишньос; прев. Милен Гочев Митев; ред. Лъчезар Каранлъков.
257 ## - Страна на издаване
Страна на създаване/издаване Чехия
260 ## - Област на издателските данни
-- Краков
Име на издателя, разпространителя и проч. Mediasat Poland Sp.
Година на издаване 2008
Печатница Отпеч. в ЕС
300 ## - Физическа характеристика
Страници 43 с.
Илюстрации и др. с ил.
Размери/Мащаб 13Х14 см
Съпровождащи материали CD
380 ## - Жанр
Жанр Изкуство
490 1# - СЕРИИ (Колекции)
Име на серия Шедьоври на класиката
№: серия 23
500 ## - Общи забележки
Забележка Кн. е с CD 1774
600 14 - Име на лице, използвано като предмет
За него / За нея Дворжак, Антонин
Свързани дати 1841 - 1904
Пълна форма на името Дворжак, Антонин Леополд
9 (RLIN) 59121
650 #4 - Допълнително описание по предмет – тема
Основно описание – тема или топоним Композитори, чешки
9 (RLIN) 266373
651 #4 - Допълнително описание по предмет - топоним
Географско понятие Чехия
9 (RLIN) 179785
653 ## - Ключова дума – ненормативна
Ключова дума композитори
653 ## - Ключова дума – ненормативна
Ключова дума Антонин Дворжак
700 1# - Други автори (авторска отговорност)
Лично име Митев, Милен Гочев
Автороска отговорност (Описва отношението между автора и произведението) прев.
9 (RLIN) 298399
700 1# - Други автори (авторска отговорност)
Лично име Каранлъков, Лъчезар Тодоров
Дати, свързани с автора 1943-2022
Автороска отговорност (Описва отношението между автора и произведението) ред.
9 (RLIN) 76810
852 ## - Местоположение
Форматна сигнатура Цб І 33051
856 4# - Електронен адрес и достъп
Електронен формат pdf - файл
Път до файла /url/
856 4# - Електронен адрес и достъп
Електронен формат pdf - файл
Път до файла /url/
942 ## - АРТИКУЛИ
Вид на библиотечния материал Книги
Скрит в OPAC Не
944 ## - СЪЗДАВАНЕ И РЕДАКЦИЯ на ЗАПИСА
Създаване/Редакция Създаване
Дата на регистрацията/редакция 16.07.2008
Служител, извършил регистрацията/редакцията 30560
Статус, дата на статуса Геновева Генчева
944 ## - СЪЗДАВАНЕ И РЕДАКЦИЯ на ЗАПИСА
Създаване/Редакция Редакция
Дата на регистрацията/редакция 08.01.2018
Служител, извършил регистрацията/редакцията Ирена_Линкова
999 ## - СИСТЕМНИ КОНТРОЛНИ НОМЕРА
Koha biblionumber 80004
Koha biblioitemnumber 80004
Наличности
Код за отписване Код за изгубен артикул Източник на класификационната схема Код за повреда Коз за рестрикции Код за отдаване Артикулен № Име на библиотеката - собственик Име на библиотеката, в която се намира в момента Статус (Текущо местоположение) Дата на вписване в системата Местоположение - отдел Цена в лева Инвентарен номер Систематично азбучна сигнатура Баркод Номер на екземпляра Цена в евро Служебна бележка Служебен тип на артикула
  Не е изгубен Universal Decimal Classification Не е повреден без рестрикции заемане за дома 129596 Регионална библиотека "Любен Каравелов" Русе Регионална библиотека "Любен Каравелов" Русе Отдел Изкуство - подръчен фонд 2008-07-16 Отдел Изкуство - подръчен фонд 4.45 120000727474 78.071.1(092)Д 29 120000727474 1 2.28 Дост: Pk Вид: Ф N: 4889 Дата: 14.07.2008 Дата инв: 06.04.2017 Бележки инв: ИП2017 Книги
  Не е изгубен Universal Decimal Classification Не е повреден без рестрикции заемане за дома 129597 Регионална библиотека "Любен Каравелов" Русе Регионална библиотека "Любен Каравелов" Русе Отдел Изкуство - подръчен фонд 2008-07-16 Отдел Изкуство - подръчен фонд 4.45 120000727475 78.071.1(092)/Д 29 120000727475 2 2.28 Дост: Pk Вид: Ф N: 4889 Дата: 14.07.2008 Дата инв: 05.06.2012 Бележки инв: * Книги
  Не е изгубен Universal Decimal Classification Не е повреден само за читалня ползва се в читалня 129598 Регионална библиотека "Любен Каравелов" Русе Регионална библиотека "Любен Каравелов" Русе Хранилище 2016-01-19 Основен фонд - ползва се само за читалня 4.90 120000796993 Цб І 38465 120000796993 3 2.51 Дост: DA Вид: А N: 1 Дата: 19.01.2016 Дата инв: 06.04.2017 Бележки инв: ИП2017 Книги
Vip Innovations Ltd, Rousse, Bulgaria 2025